BUBT Library Online Catalog

Health financing and delivery in Vietnam : (Record no. 5844)

000 -LEADER
fixed length control field 01987cam a22005294a 4500
001 - CONTROL NUMBER
control field 15680
003 - CONTROL NUMBER IDENTIFIER
control field BUBTL
005 - DATE AND TIME OF LATEST TRANSACTION
control field 20181218123602.0
008 - FIXED-LENGTH DATA ELEMENTS--GENERAL INFORMATION
fixed length control field 080922s2009 dcua b i001 0 eng
010 ## - LIBRARY OF CONGRESS CONTROL NUMBER
LC control number 2008041838
015 ## - NATIONAL BIBLIOGRAPHY NUMBER
National bibliography number GBA906828
Source bnb
016 7# - NATIONAL BIBLIOGRAPHIC AGENCY CONTROL NUMBER
Record control number 101484904
Source DNLM
016 7# - NATIONAL BIBLIOGRAPHIC AGENCY CONTROL NUMBER
Record control number 014884202
Source Uk
020 ## - INTERNATIONAL STANDARD BOOK NUMBER
International Standard Book Number 9780821377826 (alk. paper)
020 ## - INTERNATIONAL STANDARD BOOK NUMBER
International Standard Book Number 0821377825 (alk. paper)
020 ## - INTERNATIONAL STANDARD BOOK NUMBER
International Standard Book Number 9780821377833 (eISBN)
020 ## - INTERNATIONAL STANDARD BOOK NUMBER
International Standard Book Number 0821377833 (eISBN)
035 ## - SYSTEM CONTROL NUMBER
System control number (OCoLC)256770451
040 ## - CATALOGING SOURCE
Original cataloging agency DNLM/DLC
Transcribing agency DLC
Modifying agency NLM
-- BTCTA
-- YDXCP
-- UKM
-- WAU
-- C#P
-- BWX
-- CDX
-- DLC
042 ## - AUTHENTICATION CODE
Authentication code pcc
043 ## - GEOGRAPHIC AREA CODE
Geographic area code a-vt---
050 00 - LIBRARY OF CONGRESS CALL NUMBER
Classification number RA412.5.V5
Item number L54 2009
082 00 - DEWEY DECIMAL CLASSIFICATION NUMBER
Classification number 362.109597
Edition number 22
100 1# - MAIN ENTRY--PERSONAL NAME
Personal name Lieberman, Samuel S.
245 10 - TITLE STATEMENT
Title Health financing and delivery in Vietnam :
Remainder of title looking forward /
Statement of responsibility, etc. by Samuel S. Lieberman and Adam Wagstaff.
260 ## - PUBLICATION, DISTRIBUTION, ETC. (IMPRINT)
Place of publication, distribution, etc. Washington, DC :
Name of publisher, distributor, etc. World Bank,
Date of publication, distribution, etc. c2009.
300 ## - PHYSICAL DESCRIPTION
Extent xi, 171 p. :
Other physical details ill. ;
Dimensions 23 cm.
490 1# - SERIES STATEMENT
Series statement Health, nutrition, and population series
504 ## - BIBLIOGRAPHY, ETC. NOTE
Bibliography, etc Includes bibliographical references (p. 159-164) and index.
505 0# - FORMATTED CONTENTS NOTE
Formatted contents note Vietnam's health system since DOI MOI -- Recent trends in Vietnam's health sector performance -- Health insurance -- Reforming health insurance -- Service delivery -- Reforming service delivery -- Decentralization and government stewardship.
650 #0 - SUBJECT ADDED ENTRY--TOPICAL TERM
Topical term or geographic name as entry element Health insurance
Geographic subdivision Vietnam.
650 #0 - SUBJECT ADDED ENTRY--TOPICAL TERM
Topical term or geographic name as entry element Medical care
Geographic subdivision Vietnam
General subdivision Finance.
650 #0 - SUBJECT ADDED ENTRY--TOPICAL TERM
Topical term or geographic name as entry element Health care reform
Geographic subdivision Vietnam.
650 #0 - SUBJECT ADDED ENTRY--TOPICAL TERM
Topical term or geographic name as entry element Medical policy
Geographic subdivision Vietnam.
650 12 - SUBJECT ADDED ENTRY--TOPICAL TERM
Topical term or geographic name as entry element Delivery of Health Care
Geographic subdivision Vietnam.
650 22 - SUBJECT ADDED ENTRY--TOPICAL TERM
Topical term or geographic name as entry element Health Care Costs
Geographic subdivision Vietnam.
650 22 - SUBJECT ADDED ENTRY--TOPICAL TERM
Topical term or geographic name as entry element Health Care Reform
Geographic subdivision Vietnam.
650 22 - SUBJECT ADDED ENTRY--TOPICAL TERM
Topical term or geographic name as entry element Health Expenditures
Geographic subdivision Vietnam.
650 22 - SUBJECT ADDED ENTRY--TOPICAL TERM
Topical term or geographic name as entry element Health Policy
Geographic subdivision Vietnam.
650 22 - SUBJECT ADDED ENTRY--TOPICAL TERM
Topical term or geographic name as entry element Insurance, Health
Geographic subdivision Vietnam.
700 1# - ADDED ENTRY--PERSONAL NAME
Personal name Wagstaff, Adam.
710 2# - ADDED ENTRY--CORPORATE NAME
Corporate name or jurisdiction name as entry element World Bank.
830 #0 - SERIES ADDED ENTRY--UNIFORM TITLE
Uniform title Health, nutrition, and population series.
856 ## - ELECTRONIC LOCATION AND ACCESS
Password 0
Logon 0
906 ## - LOCAL DATA ELEMENT F, LDF (RLIN)
a 7
b cbc
c orignew
d 1
e ecip
f 20
g y-gencatlg
942 ## - ADDED ENTRY ELEMENTS (KOHA)
Source of classification or shelving scheme
Koha item type Books
Holdings
Withdrawn status Lost status Source of classification or shelving scheme Damaged status Not for loan Collection code Permanent location Current location Shelving location Date acquired Total Checkouts Full call number Barcode Date last seen Copy number Price effective from Koha item type
        Not For Loan Reference Bangladesh University of Business and Technology Library Bangladesh University of Business and Technology Library Reference 12/18/2018   362.109597 BUBTL-200315680 12/18/2018 C-1 12/18/2018 Books

More Information About Library

Library Hours

  • Open: 9.00 am. to 9.00 pm.
  • Only Sunday: 9.00 am. to 6.00 pm.
  • Closed: Holiday

Contact to the University

Bangladesh University of Business and Technology Library

  • Mirpurl-2, 1216.
  • Phone:
  • Fax:
  • E-Mail: admin.library@bubt.edu.bd

Contact to the Library

Contact Person:

Md. Abdul Hakim Shah
Joint Librarian
PABX No:  113
Cell No: 01816332931
E-mail: official: admin.library@bubt.edu.bd
Personal: hakim.shah@bubt.edu.bd


BUBT Library

Copyright © 2021